Library Banner

1984 : (Record no. 112631)

MARC details
000 -LEADER
fixed length control field 00394nam a22001577a 4500
005 - DATE AND TIME OF LATEST TRANSACTION
control field 20190523105511.0
008 - FIXED-LENGTH DATA ELEMENTS--GENERAL INFORMATION
fixed length control field 190523b ||||| |||| 00| 0 eng d
020 ## - INTERNATIONAL STANDARD BOOK NUMBER
International Standard Book Number 9788129149282
040 ## - CATALOGING SOURCE
Transcribing agency PK-LaUMT
082 ## - DEWEY DECIMAL CLASSIFICATION NUMBER
Classification number 954.052
Item number SIN-N
100 ## - MAIN ENTRY--PERSONAL NAME
Personal name Singh, Pav
245 ## - TITLE STATEMENT
Title 1984 :
Remainder of title India's guilty secret /
Statement of responsibility, etc by Rav Singh
260 ## - PUBLICATION, DISTRIBUTION, ETC. (IMPRINT)
Place of publication, distribution, etc Mumbai :
Name of publisher, distributor, etc Rupa,
Date of publication, distribution, etc 2017
300 ## - PHYSICAL DESCRIPTION
Extent 268 p.
942 ## - ADDED ENTRY ELEMENTS (KOHA)
Koha item type Books
Holdings
Withdrawn status Lost status Damaged status Home library Current library Date acquired Full call number Barcode Date last seen Price effective from Koha item type
      UMT Main Campus UMT Main Campus 2019-05-23 954.052 SIN-N 127751 2019-10-18 2019-05-23 Books